header

Mixed signal VLSI wireless design (Record no. 66133)

MARC details
000 -LEADER
fixed length control field 01442nam a2200325 a 4500
082 04 - DEWEY DECIMAL CLASSIFICATION NUMBER
Classification number 621.39/5
100 1# - MAIN ENTRY--AUTHOR NAME
Personal name Farag, Emad N.
245 10 - TITLE STATEMENT
Title Mixed signal VLSI wireless design
260 ## - PUBLICATION, DISTRIBUTION, ETC. (IMPRINT)
Place of publication New York :
Name of publisher Kluwer Academic,
Year of publication c2002.
300 ## - PHYSICAL DESCRIPTION
Number of Pages xxvi, 319 p. :
Other physical details ill.
650 #0 - SUBJECT ADDED ENTRY--TOPICAL TERM
Topical Term Integrated circuits
Topical Term Wireless communication systems
Topical Term Radio circuits
Topical Term Cell phones
700 1# - ADDED ENTRY--PERSONAL NAME
Personal name Elmasry, Mohamed I.,
856 40 - ELECTRONIC LOCATION AND ACCESS
Uniform Resource Identifier http://site.ebrary.com/lib/rucke/Doc?id=10053251

No items available.

© 2026 Rongo University
Contact us: librarian | system librarian | Rongo university